| 000 | 00623nam a2200205 a 4500 | ||
|---|---|---|---|
| 005 | 20231019063610.0 | ||
| 008 | 030317s2001 mx r 000 0 spa d | ||
| 020 | _a8446016222 | ||
| 035 | _aUPN01000123018 | ||
| 049 | _aCG | ||
| 050 | 4 |
_aLB1028.43 _bR6.2 |
|
| 100 | 1 | _aRomero Morante, Jesús | |
| 245 | 1 | 3 |
_aLa clase artificial : _brecursos informáticos y educación histórica / _cJesús Romero Morante. |
| 260 |
_aMadrid : _bAkal, _c2001. |
||
| 300 | _a353 p. | ||
| 440 | 0 |
_aAkal referentes ; _v4 |
|
| 650 | 4 |
_aComputadoras en la educación _94976 |
|
| 650 | 4 |
_aHistoria _xEstudio y enseñanza _96447 |
|
| 905 | _aLibro | ||
| 999 |
_c95199 _d95199 |
||